| 000 | 00526aam a2200193 4500 | ||
|---|---|---|---|
| 005 | 20160823111336.0 | ||
| 008 | 150721b xxu||||| |||| 00| 0 spa d | ||
| 041 | _aInglés | ||
| 082 |
_a428 _bH179L |
||
| 245 | _aThe language of restaurants and catering in english : english for careers | ||
| 260 | _aEstados Unidos | ||
| 260 | _bRegents Publishing Company | ||
| 260 | _c1977 | ||
| 300 | _a122 páginas | ||
| 500 | _aMaterial fuera de circulación | ||
| 650 |
_aINGLÉS _92062 |
||
| 650 |
_aENSEÑANZA _9236 |
||
| 942 | _cBK | ||
| 999 |
_c192 _d192 |
||